000 00225nam a2200097Ia 4500
008 240331s9999 xx 000 0 und d
082 _bFEM
100 _aSaunders,K. ed
245 0 _aFeminast post development thought
942 _cL
999 _c4527
_d4527